000 00909nam a2200301Ia 4500
001 57518
003 CO-BoRNBP
005 20250708155557.0
007 ta
008 121119s2001 sp a gr 000 j spa
020 _a8495150980
040 _aCO-BoRNBP
_bspa
_erda
_cCO-BoRNBP
041 1 _aspa
084 _aA DUB1
100 _aDubois, Claude
_960924
245 1 0 _aFuera el pañal
_cClaude K. Dubois ; traducción de Anna Coll-Vinent
250 _aPrimera edición
264 1 _aBarcelona
_bCorimbo
_c2001
300 _a12 páginas
_bilustraciones
_c35 cm
336 _atexto
_btxt
_2rdacontent
337 _asin mediación
_bn
_2rdamedia
338 _avolumen
_bnc
_2rdacarrier
650 0 7 _aEducación de niños
_2LEMB
_912915
650 0 7 _aCuentos infantiles franceses
_2LEMB
_97840
650 0 0 _aLiteratura infantil francesa
_2LEMB
700 _aColl Vinent, Anna
_etraductor
942 _2loc
_cBKINF
999 _c57518
_d57518